000 00890nam a22002057a 4500
003 MN-UlNLM
005 20220418125938.0
008 170719t2016 mp ||||| |||| 00| 0 mon d
040 _aМонгол Улсын Үндэсний номын сан
084 _2NNA
_a63.5(5Мон)
_bМ 694
_q63
245 1 _aМонголчуудын баяр наадам
_bТүүх, гэрэл зураг
_cЭмхт. С.Чулуун
_cРед. Н.Хатанбаатар
260 1 _aУБ
_bАдмон принтинг
_c2016
300 _a24х
546 _aMongolia
653 _aТүүх
740 _aМонгол баяр наадмын тухайд.
_aНаадмын тухай дэг ёслолоос.
_aБөхийн барилдааны тухай.
_aНум сум харвах.
_aМорины уралдаан.
_aБаярын хурим найр.
856 _aprintbook
942 _cBK
999 _c78730
_d78787